Choose the Correct Spelling #2 - Statistics

General Stats
  • This quiz has been taken 48 times
  • The average score is 13 of 15
Answer Stats
Question Answer % Correct
A woodwind instrument Bassoon
100%
Winnie the Pooh character Heffalump
100%
A Biblical king Hezekiah
100%
A type of tooth Incisor
100%
A very tall mountain Kilimanjaro
100%
Similar to butter Margarine
100%
An American state Massachusetts
100%
Capital of Iceland Reykjavik
100%
A metamorphic rock Schist
100%
A French river Seine
100%
A type of tree Sycamore
100%
A car brand Volkswagen
100%
A type of bear Kodiak
50%
A famous classical composer Schumann
50%
The lowest instrument in the keyed bugle family Ophicleide
0%
No matching quizzes found
Score Distribution
Percent of People with Each Score
Percentile by Number Answered
Your Score History
You have not taken this quiz